000 00975cam a2200229 4500
001 ABS66321
008 030120n2003 000 0 eng u
035 _a(Sirsi) u121071
100 _aWinter, J.
245 _aNew BS 5839-1 highlights continuous monitoring
260 _c2003
490 _aBuilding Engineer
_v78(1) January 2003, 28-29(2)
520 _aGives a brief resume of the new BS 5839-1: 2002 "Fire detection and alarm systems for buildings - Part 1: code of practice for design, installation, commissioning and maintenance", which offers useful guidance for building engineers who advise on fire safety. Explores its implications with regard to continuously monitoring FDA systems, and includes a table of risk measurement.
590 _aABS
650 _aBS 5839-1: 2002
650 _aBRITISH STANDARDS
650 _aMONITORING
650 _aFIRE DETECTION
650 _aFIRE ALARMS
690 _aBUILT ENVIRONMENT-BUILDING STANDARDS
942 _n0
999 _c71940
_d71940